| 000 | 00635nam a22001577a 4500 | ||
|---|---|---|---|
| 082 | _a629.8 | ||
| 100 | _aNizami, Muhammad Hamza Asif | ||
| 245 |
_aIncorporation of Proximally Actuated Elastically Loaded Scissors Mechanism for the Leg Design of a Quadruped Robot / _cMuhammad Hamza Asif Nizami |
||
| 260 |
_aIslamabad : _bSMME - NUST, _c2016. |
||
| 300 |
_a31 p. ; _c30cm. |
||
| 650 |
_aRobotics and Intelligent machine Engineering-MS-Thesis _916127 |
||
| 700 |
_aDr. Yasar Ayaz _916202 |
||
| 856 | _uhttp://10.250.8.41:8080/xmlui/handle/123456789/9506 | ||
| 942 |
_2ddc _cTHE |
||
| 999 |
_c541134 _d541134 |
||